书目信息 |
| 题名: |
解读抗美援朝战争
|
|
| 作者: | 姜廷玉 主编 | |
| 分册: | ||
| 出版信息: | 北京 解放军出版社 2010.08 |
|
| 页数: | 408页 | |
| 开本: | 24cm | |
| 丛书名: | ||
| 单 册: | ||
| 中图分类: | E297.5 | |
| 科图分类: | ||
| 主题词: | 抗美援朝战争--研究 , 抗美援朝战争 | |
| 电子资源: | ||
| ISBN: | 978-7-5065-6094-8 | |
| 000 | 00881nam0 2200241 450 | |
| 001 | 010050004449 | |
| 005 | 20120405095528.17 | |
| 010 | @a978-7-5065-6094-8@dCNY46.00@z7-5065-6094-1 | |
| 100 | @a20100909d2010 em y0chiy0110 ea | |
| 101 | 0 | @achi |
| 102 | @aCN@b110000 | |
| 105 | @aa z 000yy | |
| 106 | @ar | |
| 200 | 1 | @a解读抗美援朝战争@9jie du kang mei yuan chao zhan zheng@f姜廷玉主编 |
| 210 | @a北京@c解放军出版社@d2010.08 | |
| 215 | @a408页@c图@d24cm | |
| 330 | @a本书再现了抗美援朝战争这一惊心动魄的伟大历史,展示了中共中央和毛泽东主席关于“抗美援朝、保家卫国”的战略决策和毛泽东、周恩来、彭德怀等老一辈无产阶段革命家、军事家驾驭战争全局、运筹帷幄的高超军事指挥艺术。 | |
| 606 | 0 | @a抗美援朝战争@x研究 |
| 606 | 0 | @a抗美援朝战争 |
| 690 | @aE297.5@v4 | |
| 701 | 0 | @a姜廷玉@9jiang ting yu@4主编 |
| 801 | 0 | @aCN@bRENTIAN@c20100909 |
| 905 | @b538910-14@dE297.5@e68@f5 | |
| 解读抗美援朝战争/姜廷玉主编.-北京:解放军出版社,2010.08 |
| 408页:图;24cm |
| ISBN 978-7-5065-6094-8:CNY46.00 |
| 本书再现了抗美援朝战争这一惊心动魄的伟大历史,展示了中共中央和毛泽东主席关于“抗美援朝、保家卫国”的战略决策和毛泽东、周恩来、彭德怀等老一辈无产阶段革命家、军事家驾驭战争全局、运筹帷幄的高超军事指挥艺术。 |
| ● |
| 相关链接 |
|
|
|
|
正题名:解读抗美援朝战争
索取号:E297.5/68
 
预约/预借
| 序号 | 登录号 | 条形码 | 馆藏地/架位号 | 状态 | 备注 |
| 1 | 538910 | 205389104 | 第一样本阅览室/ [索取号:E297.5/68] | 在馆 | |
| 2 | 538911 | 205389113 | 第一借阅区/ [索取号:E297.5/68] | 在馆 | |
| 3 | 538912 | 205389122 | 第一借阅区/ [索取号:E297.5/68] | 在馆 | |
| 4 | 538913 | 205389131 | 第一借阅区/ [索取号:E297.5/68] | 在馆 | |
| 5 | 538914 | 205389140 | 第一借阅区/ [索取号:E297.5/68] | 在馆 |